<?xml version="1.0" encoding="UTF-8"?>
<collection xmlns="http://www.loc.gov/MARC21/slim">
 <record>
  <leader>     na                 </leader>
  <controlfield tag="001">INLIS000000000001578</controlfield>
  <controlfield tag="005">20221108045940</controlfield>
  <datafield tag="035" ind1=" " ind2=" ">
   <subfield code="a">0010-0520001578</subfield>
  </datafield>
  <controlfield tag="008">221108                |          | ind  </controlfield>
  <datafield tag="020" ind1=" " ind2=" ">
   <subfield code="a">509</subfield>
  </datafield>
  <datafield tag="041" ind1=" " ind2=" ">
   <subfield code="a">ind</subfield>
  </datafield>
  <datafield tag="082" ind1=" " ind2=" ">
   <subfield code="a">340.1</subfield>
  </datafield>
  <datafield tag="084" ind1=" " ind2=" ">
   <subfield code="a">340.1 KEL t</subfield>
  </datafield>
  <datafield tag="100" ind1="0" ind2=" ">
   <subfield code="a">Kelsen, Hans</subfield>
  </datafield>
  <datafield tag="245" ind1="1" ind2=" ">
   <subfield code="a">Teori Hukum Murni :</subfield>
   <subfield code="b">Dasar-Dasar Ilmu Hukum Normatif Sebagai Ilmu Hukum Empirik-Deskritif /</subfield>
   <subfield code="c">Hans Kelsen</subfield>
  </datafield>
  <datafield tag="260" ind1=" " ind2=" ">
   <subfield code="a">Jakarta :</subfield>
   <subfield code="b">Mandar Maju,</subfield>
   <subfield code="c">1995</subfield>
  </datafield>
  <datafield tag="300" ind1=" " ind2=" ">
   <subfield code="a">IX; 386 hlm; 25 cm ;</subfield>
   <subfield code="c">25 cm</subfield>
  </datafield>
  <datafield tag="500" ind1=" " ind2=" ">
   <subfield code="a">Diterjemahkan oleh Somadi</subfield>
  </datafield>
  <datafield tag="520" ind1=" " ind2=" ">
   <subfield code="a">Buku ini menjelaskan pemikiran tentang Hukum Murni &amp; pemikirannya yang diungkap dalam bahasa Jerman dan Perancis, didalamnya diungkap tentang Hukum Positif dan konsep-konsepnya. Teori umum disini diarahkan kepada analisis hukum positif. Isi terdiri dari 2 bagian yang masing masing terdiri dari Bab bab menjelaskan konsep hukum,norma, sanksi,delik, kewajiban, tanggung jawab hak tuduhan, tata hukum, urutan norma hukum, Ilmu hukum normatif dan sosiologis, Negara Hukum, Unsur Negara, Pemisahan Kekuasaan, Bentuk bentuk Pemerintahan, Organisasi, Hukum Nasional dan Internasional.</subfield>
  </datafield>
  <datafield tag="650" ind1=" " ind2="4">
   <subfield code="a">1. Teori Hukum</subfield>
  </datafield>
  <datafield tag="700" ind1="0" ind2=" ">
   <subfield code="a">Somardi (alih bahasa)</subfield>
  </datafield>
  <datafield tag="990" ind1=" " ind2=" ">
   <subfield code="a">03675/MKRI-P/V-2006</subfield>
  </datafield>
  <datafield tag="990" ind1=" " ind2=" ">
   <subfield code="a">03674/MKRI-P/V-2006</subfield>
  </datafield>
  <datafield tag="990" ind1=" " ind2=" ">
   <subfield code="a">05307/MKRI-P/III-2008</subfield>
  </datafield>
  <datafield tag="990" ind1=" " ind2=" ">
   <subfield code="a">03098/MKRI-P/III-2006</subfield>
  </datafield>
  <datafield tag="990" ind1=" " ind2=" ">
   <subfield code="a">03099/MKRI-P/III-2006</subfield>
  </datafield>
  <datafield tag="990" ind1=" " ind2=" ">
   <subfield code="a">03114/MKRI-P/III-2006</subfield>
  </datafield>
  <datafield tag="990" ind1=" " ind2=" ">
   <subfield code="a">03113/MKRI-P/III-2006</subfield>
  </datafield>
  <datafield tag="990" ind1=" " ind2=" ">
   <subfield code="a">03113/MKRI-P/III-2006</subfield>
  </datafield>
  <datafield tag="990" ind1=" " ind2=" ">
   <subfield code="a">03675/MKRI-P/V-2006</subfield>
  </datafield>
  <datafield tag="990" ind1=" " ind2=" ">
   <subfield code="a">03674/MKRI-P/V-2006</subfield>
  </datafield>
  <datafield tag="990" ind1=" " ind2=" ">
   <subfield code="a">05307/MKRI-P/III-2008</subfield>
  </datafield>
  <datafield tag="990" ind1=" " ind2=" ">
   <subfield code="a">03098/MKRI-P/III-2006</subfield>
  </datafield>
  <datafield tag="990" ind1=" " ind2=" ">
   <subfield code="a">03099/MKRI-P/III-2006</subfield>
  </datafield>
  <datafield tag="990" ind1=" " ind2=" ">
   <subfield code="a">03114/MKRI-P/III-2006</subfield>
  </datafield>
 </record>
</collection>
